[Event "XXIX Olimpiadi"]
[Site "Novi Sad YUG"]
[Date "1990.11.30"]
[Round "12.1"]
[White "Belotti, Bruno"]
[Black "Yilmaz, Turhan"]
[Result "1/2-1/2"]
[WhiteElo "2435"]
[BlackElo "2370"]
[Annotator "ITA-TUR"]
[PlyCount "20"]
[EventDate "1990.11.17"]

1. e4 e5 2. Nf3 Nc6 3. Bb5 f5 4. d3 fxe4 5. dxe4 Nf6 6. Qd3 Bb4+ 7. Nbd2 Bxd2+
8. Bxd2 d6 9. O-O O-O 10. Rfe1 Kh8 1/2-1/2

[Event "XXIX Olimpiadi"]
[Site "Novi Sad YUG"]
[Date "1990.11.30"]
[Round "12.3"]
[White "Sarno, Spartaco"]
[Black "Soylu, Suat"]
[Result "1/2-1/2"]
[WhiteElo "2385"]
[BlackElo "2320"]
[Annotator "ITA-TUR"]
[PlyCount "26"]
[EventDate "1990.11.17"]

1. d4 d5 2. c4 c6 3. Nf3 Nf6 4. Nc3 dxc4 5. a4 Bf5 6. e3 e6 7. Bxc4 Bb4 8. O-O
Nbd7 9. Nh4 O-O 10. h3 Bg6 11. Nxg6 hxg6 12. Qc2 Rc8 13. Rd1 Qe7 1/2-1/2

[Event "XXIX Olimpiadi"]
[Site "Novi Sad YUG"]
[Date "1990.11.30"]
[Round "12.4"]
[White "Oney, Feridun"]
[Black "Manca, Federico"]
[Result "0-1"]
[WhiteElo "2320"]
[BlackElo "2360"]
[Annotator "ITA-TUR"]
[PlyCount "102"]
[EventDate "1990.11.17"]

1. Nf3 Nf6 2. g3 d5 3. Bg2 c5 4. O-O Nc6 5. d4 g6 6. c4 Bg7 7. cxd5 Nxd5 8.
dxc5 O-O 9. Na3 Ndb4 10. Qa4 Bd7 11. Nc4 b5 12. cxb6 axb6 13. Qb3 Bf5 14. Nce5
Nc2 15. Nxc6 Nxa1 16. Qc4 Rc8 17. Bg5 Nc2 18. e4 Qd7 19. Nfe5 Bxe5 20. exf5
Rxc6 21. Bxc6 Qxf5 22. Bxe7 Rc8 23. Qa4 Nd4 24. Bg2 Ne2+ 25. Kh1 Bxb2 26. Qh4
h5 27. Bg5 Bd4 28. Bh6 Bf6 29. Bh3 Qf3+ 30. Bg2 Qf5 31. Qh3 Qxh3 32. Bxh3 Rc2
33. Be3 b5 34. Rb1 Nc3 35. Re1 Nxa2 36. Bg2 b4 37. Bd5 Nc3 38. Bc4 Ne4 39. Bb3
Nxf2+ 40. Bxf2 Rxf2 41. Re8+ Kg7 42. Rb8 Be7 43. Rb7 Re2 44. Kg1 Bc5+ 45. Kf1
Rf2+ 46. Ke1 Rf5 47. Rc7 Bd4 48. h3 Bf2+ 49. Ke2 Bxg3 50. Rb7 Rf2+ 51. Ke3 Rf4
0-1

[Event "XXIX Olimpiadi"]
[Site "Novi Sad YUG"]
[Date "1990.12.01"]
[Round "13.1"]
[White "Milos, Gilberto"]
[Black "Godena, Michele"]
[Result "1-0"]
[WhiteElo "2540"]
[BlackElo "2405"]
[Annotator "ITA-BRA"]
[PlyCount "63"]
[EventDate "1990.11.17"]

1. Nf3 d5 2. d4 Nf6 3. c4 c6 4. Nc3 dxc4 5. a4 Bf5 6. Ne5 e6 7. f3 Bb4 8. e4
Bxe4 9. fxe4 Nxe4 10. Bd2 Qxd4 11. Nxe4 Qxe4+ 12. Qe2 Bxd2+ 13. Kxd2 Qd5+ 14.
Kc3 Na6 15. Nxc4 O-O-O 16. Qe3 Kb8 17. Qg3+ Nc7 18. Be2 b5 19. axb5 Qd4+ 20.
Kb3 cxb5 21. Ne5 Qd5+ 22. Ka3 Qe4 23. Ka2 Qxe2 24. Rhe1 Qd2 25. Nc6+ Kb7 26.
Nxd8+ Rxd8 27. Rad1 Qa5+ 28. Kb1 Rxd1+ 29. Rxd1 Qa4 30. Qf3+ Kc8 31. Rc1 f5 32.
Qa8+ 1-0

[Event "XXIX Olimpiadi"]
[Site "Novi Sad YUG"]
[Date "1990.12.01"]
[Round "13.2"]
[White "Arlandi, Ennio"]
[Black "Lima, Darcy"]
[Result "0-1"]
[WhiteElo "2400"]
[BlackElo "2440"]
[Annotator "ITA-BRA"]
[PlyCount "44"]
[EventDate "1990.11.17"]

1. d4 d5 2. c4 e6 3. Nc3 f5 4. Bf4 Nf6 5. e3 Be7 6. Nf3 c6 7. Bd3 O-O 8. Qc2
Ne4 9. Bxb8 Rxb8 10. Ne5 Bd6 11. f4 Bxe5 12. fxe5 Qh4+ 13. g3 Qh6 14. O-O-O
Qxe3+ 15. Kb1 Nf2 16. Rhe1 Qxd4 17. Bxf5 Nxd1 18. Bxh7+ Kh8 19. Nxd1 Bd7 20.
Bd3 Rf3 21. Be4 dxe4 22. Rxe4 Qd3 0-1

[Event "XXIX Olimpiadi"]
[Site "Novi Sad YUG"]
[Date "1990.12.01"]
[Round "13.3"]
[White "Van Riemsdijk, Herman C."]
[Black "Sanna, Gianlazzaro"]
[Result "1/2-1/2"]
[WhiteElo "2440"]
[BlackElo "2395"]
[Annotator "ITA-BRA"]
[PlyCount "45"]
[EventDate "1990.11.17"]

1. e4 c5 2. Nf3 Nc6 3. d4 cxd4 4. Nxd4 Nf6 5. Nc3 d6 6. Bg5 e6 7. Qd2 a6 8.
O-O-O h6 9. Be3 Be7 10. f3 Nxd4 11. Qxd4 b5 12. Qb6 O-O 13. Qxd8 Rxd8 14. Bb6
Rd7 15. Kb1 Bb7 16. Be2 Bc6 17. Ba5 Rb7 18. a3 d5 19. exd5 Nxd5 20. Nxd5 Bxd5
21. Bd3 Bd8 22. Bxd8 Rxd8 23. Be4 1/2-1/2

[Event "XXIX Olimpiadi"]
[Site "Novi Sad YUG"]
[Date "1990.12.03"]
[Round "14.2"]
[White "Hakki, Imad"]
[Black "Sanna, Gianlazzaro"]
[Result "1/2-1/2"]
[WhiteElo "2320"]
[BlackElo "2395"]
[Annotator "ITA-SYR"]
[PlyCount "31"]
[EventDate "1990.11.17"]

1. e4 c5 2. Nf3 Nc6 3. d4 cxd4 4. Nxd4 Nf6 5. Nc3 d6 6. Bg5 e6 7. Qd2 a6 8.
O-O-O h6 9. Bf4 Bd7 10. Nxc6 Bxc6 11. f3 d5 12. exd5 Nxd5 13. Be5 f6 14. Nxd5
Qxd5 15. Qxd5 Bxd5 16. Bd4 1/2-1/2

[Event "XXIX Olimpiadi"]
[Site "Novi Sad YUG"]
[Date "1990.12.03"]
[Round "14.3"]
[White "Sarno, Spartaco"]
[Black "Nashed, Mohamad Kamal"]
[Result "1-0"]
[WhiteElo "2385"]
[BlackElo "2205"]
[Annotator "ITA-SYR"]
[PlyCount "82"]
[EventDate "1990.11.17"]

1. d4 d5 2. c4 c6 3. Nf3 Nf6 4. Nc3 dxc4 5. a4 Bf5 6. e3 e6 7. Bxc4 Nbd7 8. O-O
Bb4 9. Nh4 Bg6 10. g3 Bh5 11. f3 g5 12. Ng2 e5 13. g4 Bg6 14. f4 gxf4 15. exf4
exf4 16. Nxf4 Bd6 17. g5 Bxf4 18. Bxf4 Nh5 19. Qe1+ Qe7 20. Bd6 Qxe1 21. Raxe1+
Kd8 22. Bxf7 Ng7 23. Ba2 Nf5 24. Bf4 Nxd4 25. Rd1 c5 26. Be3 Rf8 27. Rxf8+ Nxf8
28. Nb5 a6 29. Nxd4 cxd4 30. Bxd4 Rc8 31. Be5+ Ke8 32. Bf6 Bc2 33. Re1+ Kd7 34.
a5 Bf5 35. Bd5 Rc5 36. Bxb7 Rxa5 37. Rd1+ Ke6 38. b4 Rb5 39. Bxa6 Rxb4 40. Bc8+
Kf7 41. Bxf5 Ne6 1-0